| 000 | 00879nam a2200253 c 4500 | ||
|---|---|---|---|
| 999 |
_c343199 _d343199 |
||
| 003 | BLK | ||
| 005 | 20191007134317.0 | ||
| 008 | 180911b bul|||||r ||||||| ||bul|| | ||
| 010 | _a002860 | ||
| 040 | _aBLK | ||
| 041 |
_aBUL _cBUL |
||
| 080 | _z061.22(367)(091)+949.72 | ||
| 245 | 1 | 0 | _aЮБИЛЕЕН сборник на Славянското дружество в България 1899 - 1924 |
| 260 |
_aСофия _bизд. д-вото _c1925 _fБалкан |
||
| 300 |
_a188 с _c24 см |
||
| 380 | _a0 | ||
| 490 |
_aЧастна колекция - Академик Михаил Арнаудов _gДарение - Основен фонд |
||
| 650 |
_aИстория _9399301 |
||
| 655 |
_aСъюзи и др. неправителствени орг. _9396839 |
||
| 852 | _aМА 2864 | ||
| 942 |
_cKNG _n0 _s1 |
||
| 944 |
_aCR _c1994 |
||
| 999 | _d343199 | ||